000 00629nam a2200241 a 4500
001 nice12345678
003 IN_TiNIC
005 20260116011531.0
008 050524s1964 lona grp 000 0 eng
020 _a
_c100
082 0 0 _a291.172
_bPAN1
100 _aPanikkar, Raymond
245 _aUnknown Christ of Hinduism.
260 _aLondon
_bDarton and Longman
_c1964
300 _a163
500 _aincludes index and biblioraphy
505 2 _aIndex, Printed by C.Foster, Madras.
650 _aReconciliation-Interfaith Hindu Chr
700 1 _aPanikkar, Raymond
902 _bSRS
942 _cBK
999 _c2399
_d2399